Espai lúdic i de salut per a la gent gran : guia d'ús guia d'ús
Publicado:
Barcelona :
Diputació de Barcelona. Àrea d'Infraestructures, Urbanisme i Habitatge. Servei d'Equipaments i Espai Públic, [2010]
Descripción Física:
1 disc òptic (CD-ROM) ; 12 cm
MARC
| LEADER | 00000nam a2200000Ia 4500 | ||
|---|---|---|---|
| 001 | 22662 | ||
| 008 | 160829s9999 xx 000 0 cat d | ||
| 080 | |a CD-1-165 | ||
| 245 | |a Espai lúdic i de salut per a la gent gran : |b guia d'ús | ||
| 260 | |a Barcelona : |b Diputació de Barcelona. Àrea d'Infraestructures, Urbanisme i Habitatge. Servei d'Equipaments i Espai Públic, [2010] | ||
| 300 | |a 1 disc òptic (CD-ROM) ; |c 12 cm | ||
| 650 | 0 | |a Exercici per a persones grans |x Barcelona (Província) |9 44954 | |
| 710 | |a Barcelona (Catalunya : Província). |b Servei d'Equipaments i Espai Públic |9 53769 | ||
| 901 | |a Arxiu | ||
| 942 | |n 1 | ||
| 952 | |0 0 |1 0 |4 0 |6 CD1165 |7 1 |9 52270 |a Arxiu |b Arxiu |d 2016-12-01 |l 0 |o CD-1-165 |p 22662 |r 2016-12-01 00:00:00 |w 2016-12-01 |y ARXIU | ||
| 999 | |c 56118 |d 56118 | ||